| 000 | 01133nam a2200241 i 4500 | ||
|---|---|---|---|
| 001 | 155433 | ||
| 003 | ES-MaACL | ||
| 005 | 20251009063057.0 | ||
| 008 | 000103s1870 sp f |||| | spa d | ||
| 040 |
_aM-RACE _bspa _cM-RACE _dCCPB | B |
||
| 100 | 1 |
_aGonzález Hidalgo, Joaquín, _d1839-1923 _9127415 |
|
| 245 | 1 | 0 |
_aMoluscos marinos de España, Portugal y las Baleares / _cpor J. G. Hidalgo. |
| 260 |
_aMadrid : _b[s.n.], _c1870 ( _fImprenta de Miguel Ginesta) |
||
| 300 |
_a1 v. (pag. var.) : _bil. ; _c23 cm. |
||
| 505 | 8 | _aContiene: v. 1. Introducción -- v. 2-3. Parte descriptiva -- v. 4. Atlas con 89 lám. | |
| 530 | _aDisponible en formato digital. | ||
| 597 | _aEnc. 4 t. en 1 v. | ||
| 650 | 4 |
_aMoluscos- _zEspaña. _9149875 |
|
| 650 | 4 |
_aMoluscos- _zPortugal. _9163542 |
|
| 852 |
_aES-MaACL _jR-3147 _x Olim:G-1776 _z-- Enc. hol. _z-- An. ms.: ded. del autor a Segismundo Moret _xAdemás [1] h. lám. lit. con el busto de Concepción González de Velasco y Pérez |
||
| 856 |
_uhttp://bdh-rd.bne.es/viewer.vm?id=0000140464&page=1 _zBiblioteca Digital Hispánica |
||
| 999 |
_c155433 _d155433 |
||